Physiography of the Beaverdell map-area and the southern part of the interior plateaus of British Columbia, (Record no. 25524)
[ view plain ]
| 000 -LEADER | |
|---|---|
| fixed length control field | 01013cam a22002531 4500 |
| 001 - CONTROL NUMBER | |
| control field | gs 15000423 |
| 003 - CONTROL NUMBER IDENTIFIER | |
| control field | DLC |
| 005 - DATE AND TIME OF LATEST TRANSACTION | |
| control field | 20260227111317.0 |
| 008 - FIXED-LENGTH DATA ELEMENTS--GENERAL INFORMATION | |
| fixed length control field | 761215s1915 oncab f000 0 eng c |
| 010 ## - LIBRARY OF CONGRESS CONTROL NUMBER | |
| LC control number | gs 15000423 |
| 035 ## - SYSTEM CONTROL NUMBER | |
| System control number | (OCoLC)2625398 |
| 040 ## - CATALOGING SOURCE | |
| Original cataloging agency | Library, U. S. Geological Survey |
| Transcribing agency | ViU |
| Modifying agency | ViU |
| -- | DLC |
| 042 ## - AUTHENTICATION CODE | |
| Authentication code | premarc |
| 050 00 - LIBRARY OF CONGRESS CALL NUMBER | |
| Classification number | QH1 |
| Item number | .C13 no. 11 |
| 100 1# - MAIN ENTRY--PERSONAL NAME | |
| Personal name | Reinecke, Leopold, |
| Dates associated with a name | 1884-1935. |
| 245 10 - TITLE STATEMENT | |
| Title | Physiography of the Beaverdell map-area and the southern part of the interior plateaus of British Columbia, |
| Statement of responsibility, etc. | by Leopold Reinecke. |
| 260 ## - PUBLICATION, DISTRIBUTION, ETC. | |
| Place of publication, distribution, etc. | Ottawa, |
| Name of publisher, distributor, etc. | Government Printing Bureau, |
| Date of publication, distribution, etc. | 1915. |
| 300 ## - PHYSICAL DESCRIPTION | |
| Extent | 58 p. |
| Other physical details | illus., 5 plates, maps (1 fold. in pocket) fold. profile. |
| Dimensions | 25 cm. |
| 490 0# - SERIES STATEMENT | |
| Series statement | Canada. Geological survey. Museum bulletin |
| Volume/sequential designation | no. 11. Geological series, no. 23 |
| 500 ## - GENERAL NOTE | |
| General note | Cover title. |
| 500 ## - GENERAL NOTE | |
| General note | At head of title: Canada. Department of mines ... |
| 500 ## - GENERAL NOTE | |
| General note | The guard sheets are included in the pagination. |
| 650 #0 - SUBJECT ADDED ENTRY--TOPICAL TERM | |
| Topical term or geographic name entry element | Physical geography |
| Geographic subdivision | British Columbia. |
No items available.